000 00915nam0a22002411 4500
001 rc\952991
005 20260407075658.0
035 _a(NLR Aleph) 006124172
090 _a5492687
_c5492687
100 _a20041129d1982 |||y0rusy50 ca
101 0 _arus
102 _aRU
105 _ay |||||||||
200 1 _aПовышение качества и эффективности вентиляции на предприятиях стройиндустрии
_eТез. докл. к обл. семинару (1-2 июня 1982 г.)
210 _aПенза
_cБ. и.
_d1982
215 _a70 с.
_d21
300 _aВ надзаг.: Пенз. дом науч.-техн. пропаганды
712 0 2 _aПензенский дом науч.-техн. пропаганды
_9280384
_3RU\NLR\AUTH\884447
801 0 _aRU
_bNLR
_gpsbo
801 1 _aRU
_bELAR
_2rusmarc
852 _aNLR
_j83-4/1796
942 _cBOOK
980 _aNB